The workshop on management of acid sulphate soils : Collections of papers presented at
Contents of volume 2: Containing 10 papers about: Approach for modelling basic processes in soils and propagation of acid water in canal system; Some experiences and methods of acid sulphate soils reclamation in the Plain of Reeds.
Gardado en:
| Nhiều tác giả của công ty: | , |
|---|---|
| Formato: | Libro |
| Idioma: | Undetermined |
| Publicado: |
Thành Phố Hồ Chí Minh
1991
|
| Những chủ đề: | |
| Các nhãn: |
Engadir etiqueta
Sen Etiquetas, Sexa o primeiro en etiquetar este rexistro!
|
| Thư viện lưu trữ: | Trung tâm Học liệu Trường Đại học Cần Thơ |
|---|
| LEADER | 00977nam a2200217Ia 4500 | ||
|---|---|---|---|
| 001 | CTU_143016 | ||
| 008 | 210402s9999 xx 000 0 und d | ||
| 082 | |a 631.42 | ||
| 082 | |b M665/Vol.2 | ||
| 110 | |a Ministry of Water Resources | ||
| 110 | |b Southern Institute of water Resources Research | ||
| 245 | 4 | |a The workshop on management of acid sulphate soils : | |
| 245 | 0 | |b Collections of papers presented at | |
| 245 | 0 | |c Ministry of Water Resources. Southern Institute of water Resources Research | |
| 260 | |a Thành Phố Hồ Chí Minh | ||
| 260 | |c 1991 | ||
| 520 | |a Contents of volume 2: Containing 10 papers about: Approach for modelling basic processes in soils and propagation of acid water in canal system; Some experiences and methods of acid sulphate soils reclamation in the Plain of Reeds. | ||
| 650 | |a Acid sulfate soils | ||
| 650 | |x Management,Simulation methods | ||
| 904 | |i Giang | ||
| 980 | |a Trung tâm Học liệu Trường Đại học Cần Thơ | ||